| 000 | 01024nam a22003257a 4500 | ||
|---|---|---|---|
| 001 | BR7900387 | ||
| 003 | BR-BrBNA | ||
| 005 | 20230928085910.0 | ||
| 007 | ta | ||
| 008 | 230509b bl.||||| |||| 00| 0 por d | ||
| 040 |
_aBR-BrBNA _bpor _cBiblioteca Nacional de Agricultura |
||
| 041 | _a(Por) | ||
| 072 |
_aF00; E15 _b0230 _b/G514 |
||
| 090 | _ 0230 BR7900387 | ||
| 100 | 1 | _aCosta, E.F.S. da | |
| 100 | 1 | _aGuedes, W.B. | |
| 100 | 1 | _aAlbuquerque, F. de M. | |
| 110 | 1 |
_aPrograma Nacional de Melhoramento da Cana-de-Acucar, Recife, PE (Brasil). Coordenadoria Regional Norte _98034 |
|
| 245 | 1 | _aEstudo economico da aplicacao de amadurecedores quimicos na regiao canavieira de Pernambuco [Saccharum spp, rendimento, Brasil] | |
| 260 | 3 |
_aRecife, PE (Brasil): _c1979. |
|
| 300 | _a28 p. | ||
| 500 | _aNumerical data | ||
| 650 | _aCANA DE ACUCAR | ||
| 650 | _aMATURACAO ARTIFICIAL | ||
| 650 | _aRENDIMENTO | ||
| 650 | _aCUSTO | ||
| 650 | _aPERNAMBUCO | ||
| 909 |
_a202309 _bLucia _c55 _dLucia Elande |
||
| 942 | _cBK | ||
| 999 |
_c26914 _d26914 |
||